Irrigated Soils: Their Fertility and Management / (Record no. 7714)
[ view plain ]
| 000 -LEADER | |
|---|---|
| fixed length control field | 00373cam a2200145ua 4500 |
| 020 ## - INTERNATIONAL STANDARD BOOK NUMBER | |
| ISBN | 8176221120 |
| 082 ## - DEWEY DECIMAL CLASSIFICATION NUMBER | |
| Classification number | 631.587 |
| Item number | THO/IR |
| 100 ## - MAIN ENTRY--AUTHOR NAME | |
| Personal name | Thorne, David Wynne |
| 100 ## - MAIN ENTRY--AUTHOR NAME | |
| Personal name | Petersion, Howard Boyd |
| 245 ## - TITLE STATEMENT | |
| Title | Irrigated Soils: Their Fertility and Management / |
| 250 ## - EDITION STATEMENT | |
| Edition statement | 2 / |
| 260 ## - PUBLICATION, DISTRIBUTION, ETC. (IMPRINT) | |
| Place of publication | Delhi |
| Name of publisher | Biotech Books |
| Year of publication | 2010 |
| 300 ## - PHYSICAL DESCRIPTION | |
| Number of Pages | 392 ; . |
| 942 ## - ADDED ENTRY ELEMENTS (KOHA) | |
| Koha item type | Books |
| Withdrawn status | Lost status | Damaged status | Home library | Current library | Date acquired | Full call number | Accession Number | Koha item type | Collection code | Shelving location | Source of acquisition | Cost, normal purchase price |
|---|---|---|---|---|---|---|---|---|---|---|---|---|
| KAUAET | KAUAET | 07/04/2012 | 631.587 | 530 | Books | |||||||
| KAUAET | KAUAET | 23/07/2016 | 631.587 THO/IR | 24296 | Books | General Stacks | Universal Research Books. | 1500.00 |
